Statistics for Diana Rigg Filmography

Click here to take the quiz!

General Stats

  • This quiz has been taken 7 times
    (2 since last reset)
  • The average score is 2 of 262

Answer Stats

TypeYearName% Correct
TV Show2013-2017Game of Thrones
100%
Film2005Heidi
50%
Film1987Snow White
50%
Theater1970-1971Abelard and Heloise
0%
Theater1995-1996Absolute Hell
0%
TV Special2002A Centennial Toast to Symphony Hall
0%
TV Film2017A Christmas Carol Goes Wrong
0%
TV Show1974Affairs of the Heart
0%
Film1994A Good Man in Africa
0%
TV Film1987A Hazard of Hearts
0%
Theater1995-1996Alice's Adventures Underground
0%
Theater1996-1997A Little Night Music
0%
Theater1995-1996A Little Night Music
0%
Film1977A Little Night Music
0%
Theater2007All About My Mother
0%
TV Show2020All Creatures Great and Small
0%
Theater1991All for Love
0%
Theater2001-2002All My Sons
0%
Theater1959All's Well That Ends Well
0%
Theater1978American Buffalo
0%
Theater1959, 1962, 2001-2002A Midsummer Night's Dream
0%
TV Film1959A Midsummer Night's Dream
0%
Film1968A Midsummer Night's Dream
0%
Theater1985Antony and Cleopatra
0%
TV Show1964Armchair Theatre
0%
Theater1977-1978Babel's Dancer
0%
Theater1961-1962Becket
0%
Theater1977-1978Bedroom Farce
0%
Theater1992Berlin Bertie
0%
Theater1978Betrayal
0%
TV Mini-Series2020Black Narcissus
0%
TV Mini-Series1985Bleak House
0%
Theater1996-1997Blinded by the Sun
0%
Theater1977-1978Blithe Spirit
0%
Theater1996-1997Blue Remembered Hills
0%
Theater1978Brand
0%
Film2017Breathe
0%
Theater1998Britannicus
0%
Theater1995-1996Broken Glass
0%
TV Mini-Series2003Charles II: The Power and the Passion
0%
Theater2001-2002Cloudstreet
0%
Theater1982Colette
0%
Theater1974-1976Comedians
0%
Theater1959Coriolanus
0%
Theater1977-1978Counting the Ways
0%
Theater1995-1996Cyrano
0%
Theater1995-1996Dealer's Choice
0%
Theater1996-1997Death of a Salesman
0%
TV Show2015, 2017Detectorists
0%
Theater1977-1978Devil Is an Ass
0%
TV Show1973-1974Diana
0%
TV Show2013Doctor Who
0%
Theater1977-1978Don Giovanni
0%
Theater1978Don Juan Comes Back from the War
0%
Theater1996-1997Elsinore
0%
Film1968Emma Peel: Meine Tollsten Abenteuer mit John Steed
0%
Theater1974-1976Engaged
0%
Theater1973-1976Equus
0%
Theater1992Euripedes
0%
Film1982Evil Under the Sun
0%
TV Show2006Extras
0%
Theater1996-1997Fair Ladies at a Game of Cards
0%
TV Show1964Festival
0%
Theater2001-2002Finding the Sun
0%
Theater1987-1989Follies
0%
Documentary Series1990Forty Minutes
0%
Theater1996-1997Frogs
0%
Theater2001-2002Gagarin Way
0%
TV Film1994Genghis Cohn
0%
Theater1974-1976Grand Manoeuvres
0%
Theater1996-1997Guys and Dolls
0%
Theater1977-1978Half-Life
0%
Theater1974-1978, 2001-2002Hamlet
0%
Theater1976-1978Happy Days
0%
Theater1978Has 'Washington' Legs?
0%
Theater2009Hay Fever
0%
Theater1974-1976, 1983Heartbreak House
0%
TV Film1981Hedda Gabler
0%
Theater1978Herold
0%
Theater2006Honour
0%
Theater2001-2002Howard Katz
0%
Theater2001Humble Boy
0%
Theater1977-1978Il Campiello
0%
TV Mini-Series2000In the Beginning
0%
TV Film1975In This House of Brede
0%
TV Show1965ITV Play of the Week
0%
TV Show1970ITV Saturday Night Theatre
0%
Theater2001-2002Jitney
0%
Theater1974-1976, 1996-1997John Gabriel Borkman
0%
Theater1974-1978Judgement
0%
Film1970Julius Caesar
0%
Theater1972-1974, 1977-1978Jumpers
0%
TV Film1983King Lear
0%
Theater1959, 1962-1964King Lear
0%
Theater1995-1996La Grande Magia
0%
Film2021Last Night in Soho
0%
Theater1977-1978Lavender Blue
0%
Theater2001-2002Life X 3
0%
Theater1996-1997Light Shining in Buckinghamshire
0%
Theater1985Little Eyolf
0%
Theater1972-1973Long Day's Journey into Night
0%
Theater1990Love Letters
0%
Theater2001-2002Luther
0%
Theater1962, 1972-1974, 1978Macbeth
0%
Theater2001-2002Marriage Play
0%
Theater1996-1997Mary Stuart
0%
TV Show1989-1990Masterpiece Mystery
0%
Theater1973-1974, 1977-1978Measure for Measure
0%
Theater1992-1994Medea
0%
Short Film1969minikillers
0%
Theater2001-2002Mnemonic
0%
Theater2001-2002Mother Clap's Molly House
0%
Theater1995-1997Mother Courage and Her Children
0%
TV Mini-Series1989Mother Love
0%
Theater1977-1978Motocar
0%
TV Film1992Mrs. 'Arris Goes to Parris
0%
TV Show2003Murder in Mind
0%
Theater2001-2002, 2018My Fair Lady
0%
Theater1977-1978Nas Palabras
0%
TV Show1970NBC Experiment in Television
0%
Theater1978-1979Night and Day
0%
Theater2001-2002Noises Off
0%
Theater1974-1978, 2001-2002No Man's Land
0%
Theater1961Ondine
0%
Film1969On Her Majesty's Secret Service
0%
TV Mini-Series1979Oresteia
0%
Theater1959Othello
0%
Theater1995-1996Out of a House Walked a Man
0%
Film1999Parting Shots
0%
TV Show2015, 2017Penn Zero: Part-Time Hero
0%
Theater1998Phaedra
0%
Theater1974-1976Phaedra Brittanica
0%
TV Show1982Play of the Month
0%
Theater1978Plenty
0%
Theater1974-1976, 1978Plunder
0%
TV Film2015Professor Branestawm Returns
0%
Theater1992Putting It Together
0%
Theater1974, 2011Pygmalion
0%
TV Documentary1972Queen of Hearts
0%
TV Mini-Series1997Rebecca
0%
Theater2001-2002Remembrance of Things Past
0%
Theater1972-1973, 1995-1997Richard II
0%
Theater1977-1978Richard III
0%
TV Show1993Road to Avonlea
0%
Theater1995-1997Rosencrantz and Guildenstern Are Dead
0%
TV Film1993Running Delilah
0%
TV Film1996Samson and Delilah
0%
Theater1973-1974Saturday Sunday Monday
0%
TV Show1993Screen Two
0%
Theater2001-2002Singin' in the Real
0%
Theater1977-1978Sir Gawain and the Green Knight
0%
Theater1977-1978Sir Is Winning
0%
Theater1995-1996Skylight
0%
Theater2001-2002South Pacific
0%
Theater1995-1997Stanley
0%
TV Show1970Stars on Sunday
0%
Theater1978Strife
0%
Theater2004Suddenly Last Summer
0%
Documentary Series1990Survival
0%
Theater1977-1978Tales from the Vienna Woods
0%
Theater1977-1978Tamburlaine the Great
0%
Award Show1976The 1976 British Academy Awards
0%
Award Show1976The 1976 British Screen Awards
0%
Award Show1976The 30th Annual Tony Awards
0%
TV Film1998The American
0%
Theater1962The Art of Seduction
0%
Film1969The Assassination Bureau Limited
0%
Film1973Theatre of Blood
0%
TV Show1965-1968The Avengers
0%
Theater1973-1974The Bacchae
0%
Theater1995-1996The Blue Ball
0%
Theater1957The Caucasian Chalk Circle
0%
Theater1973-1974, 1978, 2001-2002, 2008The Cherry Orchard
0%
Theater1995-1996The Children's Hour
0%
Theater1962-1964The Comedy of Errors
0%
Theater1977-1978The Country Wife
0%
Theater1996-1997The Cripple of Inishmaan
0%
Theater1996-1997The Designated Mourner
0%
Theater1961The Devils
0%
Short Film1969The Diadem
0%
Theater1978The Double Dealer
0%
Theater1960-1961The Duchess of Malfi
0%
Theater1996-1997The Ends of the Earth
0%
Theater1977-1978The Fall of the House of Usher
0%
Theater2001-2002The Far Side of the Moon
0%
Theater1977-1978The Force of Habit
0%
TV Film1996The Fortunes and Misfortunes of Moll Flanders
0%
Theater1972-1974The Front Page
0%
Theater2001-2002The Goodhope
0%
Theater2001-2002The Good Woman of Setzuan
0%
Theater1975The Governor's Wife
0%
Film1981The Great Muppet Caper
0%
Theater1977-1978The Guardsman
0%
TV Film1995The Haunting of Helen Walker
0%
Theater2002The Hollow Crown
0%
Theater1996-1997The Homecoming
0%
Film2015The Honourable Rebel
0%
Film1971The Hospital
0%
Theater1977-1978The Hunchback of Notre Dame
0%
Short TV Documentary1990The Incredible Edible Dormouse
0%
Theater1977-1978The Lady from Maxim's
0%
Theater1995-1996The Machine Wreckers
0%
Theater1977-1978The Madras House
0%
Theater1977-1978The Magic Drum
0%
Theater1995-1996The Man Who
0%
TV Film1980The Marquise
0%
Theater1960The Merchant of Venice
0%
Theater1995-1996The Merry Wives of Windsor
0%
Theater1973-1976The Misanthrope
0%
TV Show1975The Morecambe & Wise Show
0%
TV Show1998-2000The Mrs Bradley Mysteries
0%
Theater1996-1997The Oedipus Plays
0%
Film2006The Painted Veil
0%
Theater1973-1974The Party
0%
Theater1977-1978The Passion
0%
Theater1978The Philanderer
0%
Theater1963The Physicists
0%
Theater1974-1978, 2001-2002The Playboy of the Western World
0%
TV Show1989The Play on One
0%
Theater1977-1978The Plough and the Stars
0%
Theater1996-1997The Prince's Play
0%
Theater2001-2002The Ramayana
0%
Theater1996-1997The Red Balloon
0%
Theater2001-2002The Relapse
0%
Theater1972-1973The School for Scandal
0%
TV Show1963The Sentimental Agent
0%
Theater1996-1997The Seven Streams of the River Ota
0%
TV Short2019The Snail and the Whale
0%
Theater1977-1978The State of Revolution
0%
Theater1960-1962The Taming of the Shrew
0%
Theater1960The Two Gentlemen of Verona
0%
Theater2001-2002The Walls
0%
Theater1995-1996The Way of the World
0%
Theater1995-1996The Wind in the Willows
0%
Theater1960, 2001-2002The Winter's Tale
0%
Theater1978The Woman
0%
Theater2001The Women
0%
Theater2001-2002The Wonder of Sex
0%
Theater1978The World Turned Upside Down
0%
TV Film1986The Worst Witch
0%
TV Show1977Three Piece Suite
0%
Theater1972-1973Tis Pity She's a Whore
0%
Theater1976Tribute to a Lady: An Impression of the Life and Work of Lilian Baylis
0%
Theater1960-1962Troilus and Cressida
0%
Theater1966Twelfth Night
0%
Theater1995-1996Two Weeks with the Queen
0%
Theater1995-1996Under Milk Wood
0%
Documentary Series1998Undressed: Fashion in the Twentieth Century
0%
TV Show2017Victoria
0%
TV Show2001Victoria & Albert
0%
Theater1995-1996Violin Time
0%
Theater1977-1978, 1995-1997Volpone
0%
Theater1996-1997War and Peace
0%
Theater1976Watch It Come Down
0%
Theater1995-1996What the Butler Saw
0%
Theater1996-1997Who's Afraid of Virginia Woolf?
0%
Theater1986Wildfire
0%
Theater1995-1997Wild Oats
0%
TV Film1982Witness for the Prosecution
0%
Theater1995-1996Women of Troy
0%
TV Mini-Series2015You, Me and the Apocalypse
0%
TV Film1995Zoya
0%

Score Distribution

Percentile by Number Answered

Percent of People with Each Score

Your Score History

You have not taken this quiz since the last reset